00381cam a2200145ua 45000010005000000080039000050400009000440820012000532450030000652500033000952600039001283000026001676530014001936530028002071297110701n ii |||gr||||Z||||||eng cMAIN a330.9541 aIndian economic problems. a1st. / bEdited by A N Bali. aNew Delhi.:bAtma Ram & sons.,953. aviii, 265 p.:c20 cm. aEconomics aIndian economic problem